000
00231 a2200097 4500
001
48611
100
_a
Sunnucks, R
245
_a
Air rule of the road and air legislation
260
_a
Glasgow
_b
Brown son
_c
090
_c
31538
_d
31538
942
_a
NUST-CAE
_c
M
_c
23934
999
_c
283684
_d
283684